| 000 | 01255nam0a22002891 4500 | ||
|---|---|---|---|
| 001 | rc\3242624 | ||
| 005 | 20250609194926.0 | ||
| 021 |
_aRU _b[71-93577] |
||
| 035 | _a(NLR Aleph) 007476400 | ||
| 090 |
_a7469550 _c7469550 |
||
| 100 | _a20130115d1971 |||y0rusy50 ca | ||
| 101 | 0 | _arus | |
| 102 | _aRU | ||
| 105 | _ay z ||||| | ||
| 200 | 1 |
_aРезультаты межлабораторной оценки качества определений породообразующих элементов _eОбзор _fМ-во геологии СССР |
|
| 210 |
_aМосква _cВИЭМС _c[ООНТИ] _d1971 |
||
| 215 |
_a38 с. _d20 |
||
| 225 | 1 | _aСерия "Лабораторные и технологические исследования и методы обогащения минерального сырья" | |
| 320 | _aСписок лит. в конце книги (5 назв.) | ||
| 606 |
_aГорные породы _xХимический анализ _xКачество _2psbo |
||
| 700 | 1 |
_aХитров _bВ.Г. _gВасилий Георгиевич |
|
| 701 | 1 |
_aКортман _bР.В. _gРоза Васильевна |
|
| 801 | 0 |
_aRU _bNLR _gpsbo |
|
| 801 | 1 |
_aRU _bELAR _2rusmarc |
|
| 852 |
_aNLR _j72-4/1901 |
||
| 942 | _cBOOK | ||
| 980 | _aNB | ||